000 01210 a2200217 4500
001 22339
005 20260407155513.0
008 260407a1993 arg spa d
003 AR-UNSa-BCEJYS
040 _aAR-UNSa-BCEJYS
_bspa
_cAR-UNSa-BCEJYS
080 _a657
_xContabilidad
245 1 0 _aNegociación de cambios y asientos
_pUn opúsculo de autor anónimo sobre asientos, cambio y contabilidad para partida doble, de fines del primer tercio del siglo XVII
020 _a84-7196-990-4
264 1 _aMadrid :
_bMinisterio de Economía y Hacienda
_c1993
300 _a290 p.
_c24 cm.
505 _aParte I: 1. Introducción - 2. Particularidades del cambio - 3. Plazas y lugares en que se realizan - 4. Explicación de los asientos y sus particularidades - 5. Requisitos de la contabilización por partida doble y circunstancias de la misma - Parte II: 1. Transcripción anotada del opúsculo - 2. Reproducción facsimilar del opúsculo - Parte III: Glosario.
942 _cBK
590 _aniveau_biblio:m niveau_hierar:0
100 1 _aGonzález Ferrando, José María
856 4 1 _uhttps://biblioeco.unsa.edu.ar/pmb/images/libros/Negociacion de cambio y asientos-l119499.jpg
_yImagen de portada
_qimage/jpeg
999 _c973
_d973